000 00407nam a2200157Ia 4500
008 230917s9999||||xx |||||||||||||| ||und||
020 _cPON10
040 _e24632
_aMAIN
041 _aEnglish
082 _a954.03 P192I
100 _aPandey, B N. ed.
245 0 _aIndian Nationalist movement, 1885-1947: Select documents
260 _aLondon
_bMacmillan
_c1979
300 _axxiii,272 p.
942 _cBK
999 _c219207
_d219207